00222nam a22001097a 4500003000400000082001700004100001800021245003600039260001500075300000700090650001500097SGT a616.07bS19Y aYADAV, KOMAL  aSTUDY OF HEMATOLOGICAL PROFILE  aSGTUc2019 a73 aPATHOLOGY